Most Common First Names in the United States - M - Statistics

General Stats
  • This quiz has been taken 1,033 times
  • The average score is 10 of 20
Answer Stats
Hint Answer % Correct
4 Michael
89%
1 Mary
88%
14 Mark
83%
25 Matthew
80%
7 Maria
69%
9 Margaret
59%
105 Mike
56%
30 Melissa
55%
21 Michelle
55%
85 Martin
51%
44 Marie
49%
146 Marcus
43%
38 Martha
42%
143 Mario
27%
115 Marvin
25%
110 Manuel
19%
80 Marilyn
17%
128 Marjorie
17%
124 Melvin
17%
60 Mildred
14%
No matching quizzes found
Score Distribution
Percent of People with Each Score
Percentile by Number Answered
Your Score History
You have not taken this quiz